000 01789cam a2200409 i 4500
001 13535
003 BD-JhCC
005 20240118102615.0
008 150316t20152015vraa j 000 1 eng d
020 _a9781742974019
035 _a(OCoLC)13535
040 _aYDXCP
_cYDXCP
_erda
_dBDX
_dNJB
_dNZEN
_dANL
041 _aeng
082 0 4 _a823.3
_223
_bLAM 2018
100 1 _aLamond, Margrete,
245 1 4 _aThe twelve dancing princesses /
_cMargrete Lamond
260 _aChina:
_bMiles Kelly;
_c2018.
300 _a21 pages :
_billustrations ;
_c21 cm.
490 1 _aOnce upon a timeless tale
520 _aA tale of enchantment, with its magical cloak of invisibility and its avenues of silver, gold, and diamonds, now creates a whole new web of enchantment for readers everywhere The princesses are locked in their room every night, but every morning their party slippers are worn to tatters. The princesses won't say how or why, and despite the King's threats, no one can work it out. Just when the King is at his wits' end, an unlikely character walks into town. Will he reveal the princesses' secret? Or will he lose his head like the others before him?
650 0 _aPrinces and princesses
_vJuvenile fiction.
650 0 _aFolklore
_zGermany
_vJuvenile fiction.
650 0 _aFolklore.
650 0 _aFairy tales.
650 0 _aChildren's stories.
650 0 _aPrinces
_vJuvenile fiction.
650 0 _aPrincesses
_vJuvenile fiction.
650 0 _aSoldiers
_vJuvenile fiction.
650 0 _aMagic
_vJuvenile fiction.
650 0 _aDance
_vJuvenile fiction.
653 _aAustralian
700 1 _aWalker, Anna,
_d1970-
700 1 _aGrimm, Wilhelm,
_d1786-1859,
830 0 _aOnce upon a timeless tale.
942 _2ddc
_cBK
999 _c13535
_d13535